[Event "AUTO-MASTER-66"]
[Site "http://www.queenalice.com/game.php?id=36587"]
[Date "2005.11.5"]
[Round "1"]
[White "refutor"]
[Black "fernandogt1"]
[Result "0-1"]
[WhiteElo "1661"]
[BlackElo "1565"]

1. e4 e5 2. Nf3 Nc6 3. Bb5 a6 4. Ba4 b5 5. Bb3 Nd4 6. Bxf7+ Kxf7 7. Nxe5+ Ke8 8.
Qh5+ g6 9. Nxg6 Nxc2+ 10. Kd1 Nf6 11. Qe5+ Be7 12. Nxe7 Qxe7 13. Qxe7+ Kxe7 14.
Kxc2 Nxe4 15. Nc3 Nxf2 16. Re1+ Kd8 17. d4 h6 18. h3 Bb7 19. d5 b4 20. Na4 Bxd5
21. Bf4 Bxg2 22. Re2 Nxh3 23. Bxc7+ Kxc7 24. Rxg2 Rac8 25. Kb3 a5 26. Nc5 d5 27.
Rd1 Nf4 28. Rg7+ Kc6 29. Rc1 Ne2 30. Rg6+ Kb5 0-1

[Event "Challenge"]
[Site "http://www.queenalice.com/game.php?id=45743"]
[Date "2005.12.29"]
[Round "-"]
[White "fernandogt1"]
[Black "tatanka7"]
[Result "0-1"]
[WhiteElo "1565"]
[BlackElo "1419"]

1. e4 d5 2. exd5 Qxd5 3. Nc3 Qe5+ 4. Nge2 Nc6 5. d4 Nxd4 6. Qxd4 Qxd4 7. Nxd4 e5
8. Nf3 Bd6 9. Be3 Nf6 10. O-O-O h6 11. Nd5 Nxd5 12. Rxd5 f6 13. Bb5+ Ke7 14. c4
Be6 15. Rd2 Bb4 16. Rc2 a6 17. Ba4 c5 18. a3 Ba5 19. Bxc5+ Kf7 20. b4 Bc7 21.
Re1 Bf5 22. Rd2 e4 0-1

[Event "AUTO-OPEN-134"]
[Site "http://www.queenalice.com/game.php?id=56636"]
[Date "2006.3.10"]
[Round "2"]
[White "fernandogt1"]
[Black "Pato"]
[Result "0-1"]
[WhiteElo "1587"]
[BlackElo "2032"]

1. e4 Nc6 2. Nc3 d6 3. Bb5 e5 4. d4 exd4 5. Qxd4 Bd7 6. Qd5 Nf6 7. Bg5 Nxd5 8.
Bxd8 Nxc3 9. Bxc6 Bxc6 10. Bxc7 Nxe4 11. Nf3 b6 12. O-O Kd7 13. Ne5+ dxe5 0-1

[Event "AUTO-OPEN-134"]
[Site "http://www.queenalice.com/game.php?id=56637"]
[Date "2006.3.10"]
[Round "2"]
[White "Pato"]
[Black "fernandogt1"]
[Result "1-0"]
[WhiteElo "2034"]
[BlackElo "1585"]

1. e4 e5 2. d4 Nc6 3. d5 Nd4 4. c3 Bc5 5. cxd4 exd4 6. Nf3 Qf6 7. Bd2 d6 8. Bb5+
Bd7 9. Bxd7+ Kxd7 10. O-O Ne7 11. Bg5 Qg6 12. Nbd2 f6 13. Bf4 f5 14. Nb3 1-0

[Event "AUTO-MASTER-117"]
[Site "http://www.queenalice.com/game.php?id=57485"]
[Date "2006.3.15"]
[Round "1"]
[White "fernandogt1"]
[Black "man_from_mars"]
[Result "0-1"]
[WhiteElo "1521"]
[BlackElo "1775"]

1. e4 e5 2. Nc3 Nf6 3. Nf3 Nc6 4. Bc4 Bc5 5. O-O O-O 6. Nd5 Nxe4 7. d3 Nd6 8.
Re1 Nxc4 9. dxc4 Re8 10. Bg5 f6 11. Bh4 d6 12. c3 e4 13. Nd4 Re5 14. a3 Ne7 15.
b4 Bb6 16. a4 c6 17. Nxe7+ Qxe7 18. a5 Bc7 19. b5 c5 0-1

[Event "AUTO-MASTER-117"]
[Site "http://www.queenalice.com/game.php?id=57486"]
[Date "2006.3.15"]
[Round "1"]
[White "man_from_mars"]
[Black "fernandogt1"]
[Result "1-0"]
[WhiteElo "1581"]
[BlackElo "1535"]

1. e4 e5 2. Nf3 Nc6 3. Bc4 Nf6 4. Ng5 d5 5. exd5 Nxd5 6. d3 f6 7. Ne4 f5 8. Ng5
Be7 9. h4 h6 10. Qh5+ Kd7 11. Nf7 Qe8 12. Qxf5# 1-0

[Event "Challenge"]
[Site "http://www.queenalice.com/game.php?id=69155"]
[Date "2006.5.14"]
[Round "-"]
[White "fernandogt1"]
[Black "tatanka7"]
[Result "1-0"]
[WhiteElo "1515"]
[BlackElo "1504"]

1. e4 e5 2. Nf3 Nc6 3. Nc3 Bc5 4. Bc4 Nf6 5. Ng5 O-O 6. d3 h6 7. Nf3 d6 8. O-O
a6 9. Be3 b5 10. Bb3 Bxe3 11. fxe3 Bg4 12. h3 Bxf3 13. Qxf3 Ne7 14. d4 exd4 15.
exd4 Nc6 16. d5 Ne5 17. Qe2 b4 18. Nd1 a5 19. Ba4 Qb8 20. b3 Qb6+ 21. Nf2 c5 22.
dxc6 Nxc6 23. Rad1 Nd4 24. Qd2 Nxe4 25. Qe3 Rfe8 26. Bxe8 Rxe8 27. Qxd4 Qb7 28.
Rde1 Nxf2 29. Rxe8+ Kh7 30. Rxf2 Qd7 31. Qe4+ g6 32. Re7 d5 33. Rfxf7+ Kg8 34.
Qxg6+ Kh8 35. Qg7# 1-0

[Event "sampa"]
[Site "http://www.queenalice.com/game.php?id=87175"]
[Date "2006.7.18"]
[Round "-"]
[White "valdir"]
[Black "fernandogt1"]
[Result "1-0"]
[WhiteElo "1785"]
[BlackElo "1494"]

1. e4 e5 2. Qh5 Nf6 3. Qe2 Nc6 4. d3 Nd4 5. Qd1 d5 6. c3 Nc6 7. exd5 Nxd5 8. h3
Bc5 9. Nf3 O-O 10. Be2 Nf4 11. Bxf4 exf4 12. d4 Bd6 13. O-O b6 14. Bd3 Bb7 15.
b4 a5 16. b5 Na7 17. Qc2 g6 18. Nbd2 c6 19. a4 c5 20. dxc5 Bxc5 21. Rae1 Qc7 22.
Re2 Rae8 23. Rfe1 Qb8 24. Qb3 Rxe2 25. Rxe2 Nc8 26. Ne4 Nd6 27. Nxc5 bxc5 28.
Ne5 Qd8 29. f3 Kg7 30. Rf2 f6 31. Ng4 f5 32. Nh2 Qh4 33. Qe6 1-0

[Event "AUTO-INT-157"]
[Site "http://www.queenalice.com/game.php?id=101993"]
[Date "2006.9.3"]
[Round "1"]
[White "twisty_neil"]
[Black "fernandogt1"]
[Result "1-0"]
[WhiteElo "1499"]
[BlackElo "1450"]

1. e4 e5 2. Nf3 Nc6 3. d4 d6 4. dxe5 dxe5 5. Qxd8+ Kxd8 6. Bb5 a6 7. Bxc6 bxc6
8. Nxe5 Nh6 9. Bxh6 Be6 10. Bf4 Bd6 11. Nd3 Re8 12. Bxd6 cxd6 13. O-O Rb8 14. b3
c5 15. Nc3 c4 16. Nf4 cxb3 17. axb3 g5 18. Nh5 Ke7 19. Ng7 1-0

[Event "AUTO-INT-157"]
[Site "http://www.queenalice.com/game.php?id=101994"]
[Date "2006.9.3"]
[Round "1"]
[White "fernandogt1"]
[Black "twisty_neil"]
[Result "0-1"]
[WhiteElo "1464"]
[BlackElo "1403"]

1. e4 e5 2. Nf3 Nc6 3. d4 d5 4. Bb5 a6 5. Ba4 b5 6. Bb3 dxe4 7. Nxe5 Nxe5 8.
dxe5 Qxd1+ 9. Kxd1 Bg4+ 10. Ke1 O-O-O 11. Nc3 Bb4 12. Bd2 Nf6 13. exf6 gxf6 14.
Nxe4 Bxd2+ 15. Kf1 Rhe8 16. f3 Bf5 17. Kf2 Bb4 18. Bxf7 Re7 19. Bb3 Bxe4 0-1

[Event "AUTO-INT-157"]
[Site "http://www.queenalice.com/game.php?id=102007"]
[Date "2006.9.3"]
[Round "1"]
[White "joek"]
[Black "fernandogt1"]
[Result "1-0"]
[WhiteElo "1506"]
[BlackElo "1531"]

1. e4 e5 2. Nf3 Nc6 3. Nc3 Nf6 4. Bc4 a6 5. d3 b5 6. Bb3 Bb4 7. Bd2 d6 8. O-O
Bg4 9. h3 Bh5 10. Nd5 a5 11. c3 Bc5 12. a4 b4 13. cxb4 axb4 14. g4 Bg6 15. Bg5
O-O 16. h4 Qd7 17. Nh2 h5 18. Bxf6 1-0

[Event "AUTO-INT-157"]
[Site "http://www.queenalice.com/game.php?id=102008"]
[Date "2006.9.3"]
[Round "1"]
[White "fernandogt1"]
[Black "joek"]
[Result "0-1"]
[WhiteElo "1531"]
[BlackElo "1526"]

1. e4 e5 2. Nf3 Nc6 3. Bc4 Nf6 4. Nc3 Bc5 5. O-O d6 6. b3 Bg4 7. h3 Bh5 8. Be2
O-O 9. d3 Nd4 10. Bg5 h6 11. Bxf6 Qxf6 12. Nh4 Nxe2+ 13. Nxe2 Qxh4 14. c3 Rad8
15. b4 Bb6 16. Qd2 c6 17. Ng3 Qxg3 18. d4 Qg6 0-1

[Event "AUTO-INT-157"]
[Site "http://www.queenalice.com/game.php?id=102017"]
[Date "2006.9.3"]
[Round "1"]
[White "fernandogt1"]
[Black "J_Ricardo"]
[Result "0-1"]
[WhiteElo "1531"]
[BlackElo "1446"]

1. e4 Nc6 2. Nf3 e5 3. d4 exd4 4. Nxd4 Qf6 5. c3 Bc5 6. Be3 b6 7. g3 d6 8. Nxc6
Bb7 9. Nd4 Bxe4 10. Rg1 Ne7 11. Bb5+ c6 12. Nxc6 Bxe3 13. fxe3 O-O 14. Qd4 Bxc6
15. Qxf6 gxf6 16. Na3 a6 17. Bxc6 Nxc6 0-1

[Event "AUTO-INT-157"]
[Site "http://www.queenalice.com/game.php?id=102018"]
[Date "2006.9.3"]
[Round "1"]
[White "J_Ricardo"]
[Black "fernandogt1"]
[Result "1-0"]
[WhiteElo "1474"]
[BlackElo "1512"]

1. e4 e5 2. Nf3 Nc6 3. Bc4 Nf6 4. d3 d5 5. exd5 Nxd5 6. Bg5 f6 7. Bh4 g5 8. Bg3
h5 9. h3 h4 10. Bh2 g4 11. hxg4 Bxg4 12. Nbd2 h3 13. g3 f5 14. Qe2 Bg7 15. O-O-O
Nd4 16. Qf1 Nxf3 17. Nxf3 Bxf3 18. Bxd5 1-0

[Event "Challenge"]
[Site "http://www.queenalice.com/game.php?id=104751"]
[Date "2006.9.11"]
[Round "-"]
[White "Surfgirlbrasil"]
[Black "fernandogt1"]
[Result "1-0"]
[WhiteElo "1233"]
[BlackElo "1490"]

1. e4 e5 2. d4 exd4 3. Qxd4 Nc6 4. Qa4 Qf6 5. Nf3 a6 6. Bg5 Qd6 7. Nc3 Qb4 8.
O-O-O b5 9. Qb3 Qxb3 10. axb3 f6 11. Bf4 h6 12. Nd5 Ra7 13. Nxc7+ 1-0